Thủ công trại
Những việc đơn giản song cần thiết để tạo cuộc sống thoải mái. Khi đi cắm trại: buộc dựng trại, làm cột cờ, bàn ghế, giường ngủ, giá treo móc, võng, cầu, vượt suối, bếp trại v.v...
Guardado en:
| Autor principal: | |
|---|---|
| Formato: | Libro |
| Lenguaje: | Vietnamese |
| Publicado: |
Tp. Hồ Chí Minh
Nxb. Trẻ
2000
|
| Colección: | Kỹ năng hoạt động thanh thiếu niên
|
| Materias: | |
| Etiquetas: |
Agregar Etiqueta
Sin Etiquetas, Sea el primero en etiquetar este registro!
|
| Thư viện lưu trữ: | Mạng thư viện Đại học Đà Nẵng |
|---|
| LEADER | 01373nam a22003618a 4500 | ||
|---|---|---|---|
| 001 | 000015055 | ||
| 003 | 11426 | ||
| 005 | 20120522090538.0 | ||
| 008 | 120521s2000 b 000 0 vieod | ||
| 020 | |c 8500đ |d 10000b | ||
| 041 | 0 | |a vie | |
| 082 | |a 796.54 |b TR-T | ||
| 084 | |a U | ||
| 100 | 1 | |a Trần Thời | |
| 245 | 1 | 0 | |a Thủ công trại |c Trần Thời |
| 260 | |a Tp. Hồ Chí Minh |b Nxb. Trẻ |c 2000 | ||
| 300 | |a 120tr. |b ảnh minh họa |c 19cm | ||
| 490 | |a Kỹ năng hoạt động thanh thiếu niên | ||
| 520 | |a Những việc đơn giản song cần thiết để tạo cuộc sống thoải mái. Khi đi cắm trại: buộc dựng trại, làm cột cờ, bàn ghế, giường ngủ, giá treo móc, võng, cầu, vượt suối, bếp trại v.v... | ||
| 653 | |a Đội thiếu niên tiền phong Hồ Chí Minh | ||
| 653 | |a trại | ||
| 653 | |a thiếu niên | ||
| 653 | |a thủ công | ||
| OWN | |a LSP | ||
| AVA | |a UDN50 |b LSP |d 796.54 TR-T |e available |t Error 5001 Not defined in file expand_doc_bib_avail. |f 5 |g 0 |h N |i 0 |k 1 | ||
| 999 | |a From the UDN01 | ||
| AVA | |a UDN50 |b LSP |d 796.54 TR-T |e available |t Error 5001 Not defined in file expand_doc_bib_avail. |f 5 |g 0 |h N |i 0 |k 1 | ||
| TYP | |a Monograph | ||
| TYP | |a Printed language | ||
| 980 | |a Mạng thư viện Đại học Đà Nẵng | ||